Statistics for Largest Cities In Arkansas

Click here to take the quiz!

General Stats

  • This quiz has been taken 12 times
  • The average score is 5 of 8

Answer Stats

Pop. City % Correct
198,606Little Rock
100%
88,037Fort Smith
90%
85,257Fayetteville
90%
75,866Jonesboro
70%
79,599Springdale
50%
65,911North Little Rock
50%
65,782Conway
30%
66,430Rogers
20%

Score Distribution

Percentile by Number Answered

Percent of People with Each Score

Your Score History

You have not taken this quiz